| 000 | 00641nam a22001937a 4500 | ||
|---|---|---|---|
| 005 | 20130729114358.0 | ||
| 010 | _aB-520447-457 | ||
| 020 |
_a9788176760331 _c595.00 |
||
| 035 | _aB-520447-457 | ||
| 037 |
_aUBH/Ven _bdpl |
||
| 082 | _a954 | ||
| 100 | _aMehta, Anurag | ||
| 245 |
_aGlorious History of India: _bfor children/ _cby Anurag Mehta/ |
||
| 260 |
_aNew Delhi _bNita Mehta _c2012 |
||
| 270 |
_a3A/3, Asaf Ali Road _bNew Delhi _e110002 |
||
| 300 |
_avarious pages _bcol.ill. _c28cm(Hb) |
||
| 942 |
_2ddc _cCH _h954 _mMEH |
||
| 999 |
_c78135 _d78135 |
||